| 000 | 01920nam0a2200373 4500 | ||
|---|---|---|---|
| 001 | RU\NLR\BIBL_A\022706925 | ||
| 005 | 20260426080525.0 | ||
| 035 | _a(NLR Aleph) 022706925 | ||
| 090 |
_a13696396 _c13696396 |
||
| 100 | _a20260426 rusy50 | ||
| 101 | 0 | _aeng | |
| 102 | _aRU | ||
| 105 | _aa z 000yb | ||
| 181 | 0 |
_ai3 _baxxe |
|
| 182 | 0 | _an | |
| 200 | 1 |
_aAlexander II and Tsarskoye Selo _e[the Exhibition in the Cameron gallery _fтекст Л. М. Канаева _gперевод: М. Д. Факирова] |
|
| 203 |
_aТекст _bвизуальный _cнепосредственный |
||
| 210 |
_a[S. l. _cГМЗ "Царское Село" _d[20--?] |
||
| 215 |
_a7 с. _cцв. ил. _d23 |
||
| 300 | _aАвт. указан на 4-й с. обл. | ||
| 541 | 1 | _aАлександр II и Царское Село | |
| 600 | 0 |
_aАлександр _cимператор российский _dII _f1818 - 1881 _xПамятные места _xВыставки _yЦарское Село, город _92704812 _3RU\NLR\AUTH\6601769095 |
|
| 601 | 0 | 2 |
_a"Царское село", государственный музей-заповедник _cСанкт-Петербург, город _xВыставки _z2010 _92189316 _3RU\NLR\AUTH\6601552037 |
| 686 | 1 | _aЩ101.3(2Р)-2Санкт-Петербург9Пушкин л62 | |
| 686 | 1 | _aТ3(2)51,022.198л62 | |
| 700 | 1 |
_aKanaeva _bL. M. _gL'judmila Michajlovna |
|
| 702 | 1 |
_4570 _7ba _8rus _aAleksandr _cимператор российский _dII _f1818-1881 _967173 _3RU\NLR\AUTH\7784245 |
|
| 711 | 1 | 2 |
_7ba _8eng _a"Alexander II and Tsarskoye Selo", exhibition _ePushkin, Saint Petersburg _f2010 _92696571 _3RU\NLR\AUTH\880638498 |
| 712 | 0 | 2 |
_4475 _7ba _8eng _a"Tsarskoye Selo", state museum-preserve _cPushkin, Saint Petersburg _9328509 _3RU\NLR\AUTH\8826594 |
| 942 | _cBOOK | ||
| 980 | _aNB | ||